C++ Programming for Problem Analysis to Program Desighn (Record no. 15904)

MARC details
000 -LEADER
fixed length control field 00386nam a2200145Ia 4500
008 - FIXED-LENGTH DATA ELEMENTS--GENERAL INFORMATION
fixed length control field 230312s9999||||xx |||||||||||||| ||und||
020 ## - INTERNATIONAL STANDARD BOOK NUMBER
International Standard Book Number 0071161473
082 ## - DEWEY DECIMAL CLASSIFICATION NUMBER
Classification number 005.133
Item number COH-C
100 ## - MAIN ENTRY--PERSONAL NAME
Personal name Malik,D.S
245 #0 - TITLE STATEMENT
Title C++ Programming for Problem Analysis to Program Desighn
260 ## - PUBLICATION, DISTRIBUTION, ETC.
Name of publisher, distributor, etc. Mc GrawHill
Place of publication, distribution, etc. Singapore
Date of publication, distribution, etc. 1999
300 ## - PHYSICAL DESCRIPTION
Extent 896
650 ## - SUBJECT ADDED ENTRY--TOPICAL TERM
Topical term or geographic name entry element Computer
Form subdivision Programming
942 ## - ADDED ENTRY ELEMENTS (KOHA)
Koha item type BOOK
Holdings
Withdrawn status Lost status Source of classification or shelving scheme Damaged status Not for loan Home library Current library Date acquired Total Checkouts Total Renewals Full call number Barcode Date due Date last seen Date last checked out Price effective from Koha item type
    Dewey Decimal Classification     Superior Information Resource Center (SIRC) Superior University- Gold Campus Superior Information Resource Center (SIRC) Superior University- Gold Campus 03/13/2023 7 2 005.133 COH-C 16805 06/26/2024 04/17/2024 04/17/2024 03/13/2023 BOOK

Powered by Koha